Gateway to IT industry-aptitude test and interview (Record no. 86471)

MARC details
000 -LEADER
fixed length control field 00519nam a2200181Ia 4500
008 - FIXED-LENGTH DATA ELEMENTS--GENERAL INFORMATION
fixed length control field 230125s9999 xx 000 0 und d
041 ## - LANGUAGE CODE
Language code of text/sound track or separate title eng
082 ## - DEWEY DECIMAL CLASSIFICATION NUMBER
Classification number 153.94
Item number MIT
100 ## - MAIN ENTRY--PERSONAL NAME
Personal name Mittal R
9 (RLIN) 109786
245 ## - TITLE STATEMENT
Title Gateway to IT industry-aptitude test and interview
260 ## - PUBLICATION, DISTRIBUTION, ETC. (IMPRINT)
Date of publication, distribution, etc. 2001
Name of publisher, distributor, etc. G K publishers pvt. ltd.
Place of publication, distribution, etc. Noida,UP
300 ## - PHYSICAL DESCRIPTION
Extent 310p
500 ## - GENERAL NOTE
Keywords Information technology,IT
500 ## - GENERAL NOTE
Keywords Information technology;IT
650 ## - SUBJECT ADDED ENTRY--TOPICAL TERM
Topical term or geographic name as entry element Computer Management
700 ## - ADDED ENTRY--PERSONAL NAME
Personal name Mittal R
9 (RLIN) 109786
Holdings
Withdrawn status Lost status Damaged status Not for loan Home library Current library Date acquired Vendor Cost, normal purchase price Bill number Total Checkouts Full call number Barcode Date last seen Cost, replacement price Bill Date Koha item type Original Barcode
        Smt. Hiraben Nanavati Institute of Management & Research for Women Smt. Hiraben Nanavati Institute of Management & Research for Women 27/11/2001 Shree Nav Jeevan 200.00 252   153.94 MIT B02773 HIMR-BK-2773 25/01/2023 200.00 27/11/2001 Books B02773